[Event "WR Chess Masters 2024"]
[Site "Londra"]
[Date "15.10.2024"]
[Round "Q3"]
[White "Praggnanandhaa, Rameshbabu"]
[Black "Anand, Viswanathan"]
[Result "1-0"]
[WhiteTitle "GM"]
[BlackTitle "GM"]
[WhiteElo "2746"]
[BlackElo "2751"]
[WhiteFideId "25059530"]
[BlackFideId "5000017"]
[EventDate "2024.10.14"]
[EventType "k.o."]

1. e4 e5 2. Nf3 Nc6 3. d4 exd4 4. Nxd4 Qf6 5. Ne2 Bc5 6. Nf4 d6 7. Nc3 Nge7 8.
Be2 Bb4 9. O-O Bxc3 10. bxc3 O-O 11. Rb1 Qe5 12. Bd3 a6 13. c4 f5 14. exf5 Qf6
15. g4 g6 16. Nd5 Nxd5 17. cxd5 Ne5 18. f4 Nxd3 19. Qxd3 gxf5 20. g5 Qg6 21. Bb2
Bd7 22. Qc3 c5 23. Rf3 h5 24. Rh3 Kf7 25. Rxh5 Rg8 26. Kf2 1-0

[Event "WR Chess Masters 2024"]
[Site "Londra"]
[Date "15.10.2024"]
[Round "Q3"]
[White "Vachier-Lagrave, Maxime"]
[Black "Abdusattorov, Nodirbek"]
[Result "1-0"]
[WhiteTitle "GM"]
[BlackTitle "GM"]
[WhiteElo "2735"]
[BlackElo "2783"]
[WhiteFideId "623539"]
[BlackFideId "14204118"]
[EventDate "2024.10.14"]
[EventType "k.o."]

1. e4 e5 2. Nf3 Nc6 3. Bb5 a6 4. Ba4 Nf6 5. O-O d6 6. Re1 Bd7 7. c3 g6 8. d4 Bg7
9. Nbd2 O-O 10. Nf1 Qe8 11. Bc2 Bg4 12. Ng3 Nh5 13. d5 Ne7 14. h3 Bxf3 15. Qxf3
Nxg3 16. fxg3 f5 17. g4 fxe4 18. Qxe4 Kh8 19. Be3 c6 20. Bb3 c5 21. a4 Ng8 22.
g5 Ne7 23. a5 Nf5 24. Bd2 Qe7 25. Kh2 Rf7 26. Bc4 Raf8 27. Rf1 Qd8 28. Rf3 Ne7
29. Be2 Rf5 30. b4 cxb4 31. cxb4 Rxf3 32. Bxf3 Nf5 33. Rc1 Qd7 34. Bg4 Qb5 35.
Rc7 Nd4 36. Bc3 Qf1 37. Rxb7 Rf4 38. Rb8+ Bf8 39. Qe1 Qd3 40. b5 h5 41. gxh6 Kh7
42. bxa6 Bxh6 43. Rb7+ Kg8 44. a7 Rf8 45. Rb8 Nc2 46. Be6+ Kg7 47. Bxe5+ 1-0

[Event "WR Chess Masters 2024"]
[Site "Londra"]
[Date "16.10.2024"]
[Round "S1"]
[White "Erigaisi, Arjun"]
[Black "Praggnanandhaa, Rameshbabu"]
[Result "1-0"]
[WhiteTitle "GM"]
[BlackTitle "GM"]
[WhiteElo "2797"]
[BlackElo "2746"]
[WhiteFideId "35009192"]
[BlackFideId "25059530"]
[EventDate "2024.10.14"]
[EventType "k.o."]

1. e4 e5 2. Nf3 Nc6 3. Bb5 a6 4. Ba4 b5 5. Bb3 Na5 6. O-O d6 7. Re1 Nxb3 8. axb3
g5 9. d3 g4 10. Nfd2 Qf6 11. Nc3 c6 12. Nf1 Ne7 13. Be3 Bg7 14. Qd2 Rb8 15. Red1
Qg6 16. d4 O-O 17. dxe5 Bxe5 18. Bf4 h5 19. Bxe5 dxe5 20. Qd6 Qxd6 21. Rxd6 Be6
22. Rxa6 Ra8 23. Rxa8 Rxa8 24. f3 gxf3 25. gxf3 Kg7 26. Kf2 Ra1 27. Rd1 Rxd1 28.
Nxd1 f5 29. exf5 Bxf5 30. Nde3 Bg6 31. Ng3 Kf6 32. h4 Nc8 33. Ke2 Nd6 34. Kd2
Nb7 35. Kc3 Nc5 36. Kb4 Ne6 37. c3 Ke7 38. Ne4 Bxe4 39. fxe4 Kd6 40. Nf5+ Kc7
41. Ng3 Nf4 42. Ka5 Ng2 43. Nf5 Ne1 44. c4 bxc4 45. bxc4 Nf3 46. c5 Nd2 47. Ng3
Kb7 48. b4 Nb3+ 49. Ka4 Nd4 50. Nxh5 Nf3 51. Nf6 Nxh4 52. b5 Nf3 53. b6 Ng5 54.
Ka5 Ne6 55. Kb4 Ng5 56. Kc4 Ka6 57. Kd3 Ne6 58. Nd7 Kb7 59. Kc4 Ng5 60. Nxe5
Nxe4 61. Nf7 Nd2+ 62. Kb4 Kc8 63. Ne5 Kb7 64. Nc4 Ne4 65. Na5+ Ka6 66. Nxc6 Nf6
67. Ka4 Ne4 68. Nb4+ Kb7 69. Kb5 Nc3+ 70. Ka5 1-0

[Event "WR Chess Masters 2024"]
[Site "Londra"]
[Date "16.10.2024"]
[Round "S1"]
[White "Vachier-Lagrave, Maxime"]
[Black "Firouzja, Alireza"]
[Result "1/2-1/2"]
[WhiteTitle "GM"]
[BlackTitle "GM"]
[WhiteElo "2735"]
[BlackElo "2767"]
[WhiteFideId "623539"]
[BlackFideId "12573981"]
[EventDate "2024.10.14"]
[EventType "k.o."]

1. e4 c5 2. Nf3 e6 3. c3 Nf6 4. e5 Nd5 5. a3 b6 6. d4 cxd4 7. cxd4 Bb7 8. Bd3 d6
9. O-O Nd7 10. Nbd2 Be7 11. exd6 Bxd6 12. Nc4 Be7 13. Bd2 O-O 14. Rc1 Rc8 15.
Qe2 Rc7 16. Nce5 Nxe5 17. dxe5 Qd7 18. Ng5 h6 19. Ne4 Rxc1 20. Rxc1 Rc8 21. Rd1
Qc7 22. f4 b5 23. b4 a6 24. Qf2 Nb6 25. f5 Bxe4 26. Bxe4 Nc4 27. Bf4 Rd8 28. Rf1
exf5 29. e6 Bd6 30. Bxd6 Nxd6 31. Bxf5 Nxf5 32. exf7+ Qxf7 33. Qxf5 Qxf5 34.
Rxf5 Rd3 35. a4 bxa4 36. Ra5 Rd4 37. Rxa4 a5 38. Rxa5 Rxb4 1/2-1/2

[Event "WR Chess Masters 2024"]
[Site "Londra"]
[Date "16.10.2024"]
[Round "S2"]
[White "Praggnanandhaa, Rameshbabu"]
[Black "Erigaisi, Arjun"]
[Result "1/2-1/2"]
[WhiteTitle "GM"]
[BlackTitle "GM"]
[WhiteElo "2746"]
[BlackElo "2797"]
[WhiteFideId "25059530"]
[BlackFideId "35009192"]
[EventDate "2024.10.14"]
[EventType "k.o."]

1. d4 Nf6 2. c4 g6 3. f3 c5 4. d5 e6 5. e4 d6 6. Nc3 exd5 7. cxd5 Bg7 8. Be3 O-O
9. Qd2 a6 10. a4 Qc7 11. Bh6 Bxh6 12. Qxh6 Re8 13. h4 Nbd7 14. Nge2 Rb8 15. h5
Ne5 16. Ng3 Qe7 17. Be2 c4 18. a5 b5 19. axb6 Rxb6 20. Ra2 Bd7 21. O-O Reb8 22.
Rfa1 Bc8 23. Nd1 Nfd7 24. hxg6 fxg6 25. Rc1 Rb4 26. Rc2 Nc5 27. Ne3 Qf6 28. Nh5
Qe7 29. Ng3 Qf6 30. Nh5 Qe7 31. f4 Ned3 32. Nxc4 gxh5 33. Nxd6 Bg4 34. Bxd3 Nxd3
35. Rxa6 Nxb2 36. Qg5+ 1/2-1/2

[Event "WR Chess Masters 2024"]
[Site "Londra"]
[Date "16.10.2024"]
[Round "S2"]
[White "Firouzja, Alireza"]
[Black "Vachier-Lagrave, Maxime"]
[Result "1/2-1/2"]
[WhiteTitle "GM"]
[BlackTitle "GM"]
[WhiteElo "2767"]
[BlackElo "2735"]
[WhiteFideId "12573981"]
[BlackFideId "623539"]
[EventDate "2024.10.14"]
[EventType "k.o."]

1. d4 Nf6 2. c4 g6 3. Nc3 d5 4. cxd5 Nxd5 5. e4 Nxc3 6. bxc3 Bg7 7. Bc4 c5 8.
Ne2 O-O 9. O-O Nc6 10. Be3 e6 11. Rc1 Qe7 12. Qd2 Rd8 13. Bg5 Bf6 14. Bxf6 Qxf6
15. Rfd1 b6 16. Qe3 Bb7 17. h3 Rac8 18. e5 Qh4 19. Nf4 cxd4 20. cxd4 Nxd4 21.
Rxd4 Rxd4 22. Qxd4 b5 23. Nxe6 Qxd4 24. Nxd4 bxc4 25. Rc3 Bd5 26. Ne2 Re8 27.
Nf4 Rxe5 28. Nxd5 Rxd5 29. Rxc4 Rd1+ 30. Kh2 Rd2 31. Ra4 Rxf2 32. Rxa7 1/2-1/2

[Event "WR Chess Masters 2024"]
[Site "Londra"]
[Date "16.10.2024"]
[Round "S3"]
[White "Firouzja, Alireza"]
[Black "Vachier-Lagrave, Maxime"]
[Result "0-1"]
[WhiteTitle "GM"]
[BlackTitle "GM"]
[WhiteElo "2767"]
[BlackElo "2735"]
[WhiteFideId "12573981"]
[BlackFideId "623539"]
[EventDate "2024.10.14"]
[EventType "k.o."]

1. e4 c5 2. Nf3 d6 3. d4 cxd4 4. Nxd4 Nf6 5. Nc3 a6 6. f3 e5 7. Nb3 Be6 8. Be3
h5 9. Nd5 Bxd5 10. exd5 Nbd7 11. Qd2 g6 12. O-O-O Nb6 13. Kb1 Nbxd5 14. Bg5 Be7
15. Bd3 Qc7 16. Rhe1 O-O 17. h4 Nb6 18. g4 d5 19. Qh2 Rae8 20. Qxe5 Qxe5 21.
Rxe5 Bd8 22. Rxe8 Rxe8 23. Nc5 hxg4 24. Nxb7 gxf3 25. Nxd8 Ne4 26. Nc6 f2 27.
Kc1 Ng3 28. b3 Re1 29. Bf4 Nf5 30. Bd2 Rg1 31. Rf1 d4 32. Kb2 Ne3 33. Bxe3 dxe3
34. Bxa6 Nd5 35. Nd4 Nf4 36. c3 Nh5 37. b4 Ng3 38. Rc1 Rxc1 0-1

[Event "WR Chess Masters 2024"]
[Site "Londra"]
[Date "17.10.2024"]
[Round "F1"]
[White "Vachier-Lagrave, Maxime"]
[Black "Erigaisi, Arjun"]
[Result "1/2-1/2"]
[WhiteTitle "GM"]
[BlackTitle "GM"]
[WhiteElo "2735"]
[BlackElo "2797"]
[WhiteFideId "623539"]
[BlackFideId "35009192"]
[EventDate "2024.10.14"]
[EventType "k.o."]

1. e4 e6 2. d4 d5 3. Nc3 Nf6 4. Bg5 dxe4 5. Nxe4 Bd7 6. Nf3 Bc6 7. Bd3 Be7 8.
Ned2 Nbd7 9. O-O h6 10. Be3 O-O 11. c4 b6 12. Qe2 Bb7 13. Rfd1 c5 14. Ne5 cxd4
15. Bxd4 Qc7 16. Ndf3 Rad8 17. Bc2 Bc5 18. Bc3 Nxe5 19. Nxe5 Rxd1+ 20. Rxd1 Rd8
21. Rxd8+ Qxd8 22. Ng4 Nxg4 23. Qxg4 Qg5 24. Qxg5 hxg5 25. h3 f5 26. b4 Be7 27.
f3 Kf7 28. Kf2 Bf6 29. Bd2 Bd4+ 30. Ke2 Kf6 1/2-1/2